000 00609nam a2200229Ia 4500
003 OSt
005 20220928111241.0
006 a|||||r|||| 00| 0
007 ta
008 220927b |||||||| |||| 00| 0 eng d
024 _a93611
037 _cTextual
040 _aSDCL
_cSDCL
_beng
041 _2eng
_aeng
082 _aO152,1M89x, P3
100 _aParsad Jaishankar
245 0 _aParsad ka sampoorna kaavya.
260 _aAllahabad
_bq Lokbharti Parkashan
_c2003
300 _a704p.
_ccm.
942 _hO152,1M89x, P3
_cTEXL
_2CC
999 _c739419
_d739419